000 00649nam a2200181 i 4500
001 30882
003 ES-MaACL
005 20230906154253.0
007 t|
008 030127s1954 sp ||||1| spa d
100 1 _aBartrina Thomas, José María (
_d1877-1950)
_926195
245 1 0 _aTratado de Urología clínica y quirúrgica /
_cpor José Mª Bartrina Thomás y José Mª Bartrina Calvo ; prólogo de P. Pintachs.
260 _aMadrid :
_bEspasa-Calpe,
_c1954.
300 _a692 p., 1 lám. ret. aut. :
_bil. ;
_c25 cm.
700 1 _aBartrina Calvo, José María.
_926193
700 1 _aPintachs, P.
_992202
852 _aES-MaACL
_jC-5976
_bR.35608
999 _c30882
_d30882